00890nac a22002171u 4500010001600000020001500016082001800031090001500049100003400064245016800098260005700266300003300323504005100356650005600407650002700463700002200490700002000512942002000532999001500552952010500567 a 96046975 a020155332500a004.36bS5622 c4094d4094 aShuey, Richard L. 14aThe architecture of distributed computer systems :ba data engineering perspective on information systems /cRichard L. Shuey, David L. Spooner, and Ophir Frieder. aReading Mass. :bAddison Wesley Pub. Co.,1997c1997. axv, 401 p. :bill. ;c24 cm. aIncludes bibliographical references and index. 0aElectronic data processingxDistributed processing. 0aComputer architecture.1 aSpooner, David L.1 aFrieder, Ophir. cBBk004.36S5622 c4094d4094 00104070aMAINbMAINcLOWd2007-08-21ePurchasel0o004.36 SHUp000000008r2025-07-15 00:00:00yBB